Catálogo Biblioteca Central

Vista normal Vista MARC
  • Huapaya Tapia, Ramón

Entrada Nombre personal

Número de registros utilizados en: 1

001 - NÚMERO DE CONTROL

  • Campo de control: 131266

003 - IDENTIFICADOR DE NÚMERO DE CONTROL

  • Campo de control: ES-MaBCM

005 - FECHA Y HORA DE LA ULTIMA MODIFICACION

  • Campo de control: 20260305115802.0

008 - ELEMENTOS DE DATOS DE LONGITUD FIJA

  • Campo de longitud fija: 260305|| aca||aabn | a|a d

040 ## - FUENTE DE LA CATALOGACIÓN

  • Agencia original de catalogación: ES-MaBCM

100 1# - ENCABEZAMIENTO--NOMBRE DE PERSONA

  • Nombre personal: Huapaya Tapia, Ramón